| 000 | 00606nam a2200217Ii 4500 | ||
|---|---|---|---|
| 001 | 18217 | ||
| 003 | CO-ViMGA | ||
| 008 | 241108s9999||||xx |||||||||||||| ||und|| | ||
| 020 | _a8420436593 | ||
| 040 |
_aCO-ViMGA _bspa _erda _cCO-ViMGA |
||
| 041 | 0 | _aspa | |
| 084 | _aC KIR1a | ||
| 100 | 1 |
_aOle Lund Kirkegaard _950887 |
|
| 245 | 1 | 0 | _aLa aventura volante de Hodia |
| 264 | 1 | _aMadrid, EspaƱa : Alfaguara, 1988 | |
| 300 | _avolumen | ||
| 336 |
_atext _btxt _2rdacontent |
||
| 337 |
_aunmediated _bn _2rdamedia |
||
| 338 |
_avolume _bnc _2rdacarrier |
||
| 940 | _aidficha_siabuc: 17881. -- ficha_no_siabuc:18217 | ||
| 999 |
_c45586 _d45586 |
||